000 00842cam a2200217 a 4500
005 20150911124240.0
008 s19920000ec 0 spa d
040 _aCO-BoPUJ
_cCO-BoIAVH
_dCO-BoIAVH
041 _aspa
044 _aec
_ack
082 0 4 _a909.8072
_bC74c
111 2 _aCongreso Internacional de Americanistas (47 : 1991 jul. 7-11 : Nueva Orleans)
245 0 _aCafe, caballo y hamaca visión historica del llano
_cMaria Eugenia Romero Moreno compiladora
260 _aQuito:
_bAbya-Yala.
_c1992.
300 _a253 páginas
_bgráficos y mapas
_c22 cm.
500 _aIncluye índice de mapas y gráficos.
504 _aIncluye referencias bibliográficas (Páginas 229-253).
651 4 _aLlanos orientales (Colombia)
_xHistoria
700 1 _aRomero M., María Eugenia
_eCompiladora
942 _2ddc
_cLIBRO
999 _c17764
_d17764